000 00585nam a22001937a 4500
005 20260122070509.0
008 260122b |||||||| |||| 00| 0 eng d
020 _a978-0-399-18147-4
082 _aFic. So718 2017
100 _aSotto, Samantha
_967
245 _aLove and gravity:
_ba novel /
_cSamantha Sotto
260 _aNew York:
_bBallantine Books,
_cc2017
300 _a320p
541 _e7842 c.1
600 _aNewton, Issac, 1642-1727 - Fiction
_968
650 _aMan - woman relationship - Fiction
_969
650 _aTime travel - Fiction
_970
650 _aRomance fiction
_971
999 _c2465
_d2465